00988nam a22002177a 4500003000900000008004100009040007100050082002000121100001900141245005300160260004900213300003800262440004300300505029800343650002000641650001900661650002000680650001500700700001900715700003600734AR-CdUCM190514b ||||| |||| 00| 0 spa d aMUNICIPALIDAD PROVINCIAL DEL CUSCOcBIBLIOTECA MUNICIPAL DEL CUSCO a355.0213 /bL99 aLyons, Gene M. aEl pentágono y el militarismo Norteamericano / aBuenos Aires :bJorge Alvarez Editor,c1964. a116 páginas ;bcuadros,c18 cm. aColección de Política Concentrada. aContenido: El enorme y escondido impacto del Pentágono -- Presupuestos y exigencias militares en los Estados Unidos -- Presupuesto de guerra y economía nacionalista -- El poder de los militares en la sociedad Norteamericana -- La crisis de la investigación científica y el Pentágono. aNorte América aEl Pentágono aInvestigación aEconomía aIsler, Liliane aMilano, Marcella (traducción)